[Event "Oberliga Ost-B 1516"]
[Site "Germany"]
[Date "2016.04.10"]
[Round "11.3"]
[White "Gerhardt, Frank"]
[Black "Reschke, Stefan"]
[Result "1-0"]
[WhiteElo "2125"]
[BlackElo "2352"]
[PlyCount "123"]
[EventDate "2015.09.20"]
[EventType "team-tourn"]
[EventRounds "11"]
[EventCountry "GER"]
[SourceTitle "EXT 2017"]
[Source "ChessBase"]
[SourceDate "2016.10.25"]
[SourceVersion "1"]
[SourceVersionDate "2016.10.25"]
[SourceQuality "1"]
[WhiteTeam "Liebschwitz"]
[BlackTeam "Oberursel"]
[WhiteTeamCountry "GER"]
[BlackTeamCountry "GER"]

1. e4 g6 2. d4 Bg7 3. Nc3 d6 4. f4 a6 5. Nf3 Nd7 6. Be2 e6 7. Be3 Ne7 8. 0-0 b5 9. a3 Bb7 10. Nd2 f5 11. e5 Nb6 12. Bf3 Qc8 13. Qe2 0-0 14. Rad1 Rb8 15. Nb3 Bxf3 16. Qxf3 Qb7 17. Qxb7 Rxb7 18. Na5 Rbb8 19. Rfe1 Kf7 20. Bf2 Nc4 21. Nxc4 bxc4 22. Rb1 Rfd8 23. Bh4 dxe5 24. dxe5 Rd2 25. Rec1 Bf8 26. Bf2 Nd5 27. Nxd5 exd5 28. Kf1 c3 29. b4 Bh6 30. g3 g5 31. Be3 gxf4 32. Bxd2 cxd2 33. Rd1 fxg3 34. hxg3 Ke6 35. Ke2 Bg5 36. Rb3 Kxe5 37. Rc3 Re8 38. Rc6 f4 39. gxf4+ Bxf4 40. Rxd2 Kf5+ 41. Kd1 Bxd2 42. Kxd2 h5 43. Rxc7 h4 44. Rh7 Kg4 45. Rg7+ Kf3 46. Rf7+ Kg2 47. Rg7+ Kh2 48. Rg5 Rd8 49. Rg6 a5 50. bxa5 Rc8 51. a6 Rc4 52. a7 Ra4 53. Rg4 Rxa3 54. Rxh4+ Kg3 55. Rh7 Kf4 56. Re7 Kf5 57. Kc1 Kf6 58. Kb2 Ra5 59. Rh7 Ke6 60. Kb3 Rb5+ 61. Ka4 Rb2 62. Rh6+ 1-0

[Event "Oberliga Ost-B 1516"]
[Site "Germany"]
[Date "2016.02.21"]
[Round "8.3"]
[White "Reschke, Stefan"]
[Black "Friedrich, Wiede"]
[Result "0-1"]
[WhiteElo "2352"]
[BlackElo "2249"]
[PlyCount "58"]
[EventDate "2015.09.20"]
[EventType "team-tourn"]
[EventRounds "11"]
[EventCountry "GER"]
[SourceTitle "EXT 2017"]
[Source "ChessBase"]
[SourceDate "2016.10.25"]
[SourceVersion "1"]
[SourceVersionDate "2016.10.25"]
[SourceQuality "1"]
[WhiteTeam "Oberursel"]
[BlackTeam "Erfurt Empor"]
[WhiteTeamCountry "GER"]
[BlackTeamCountry "GER"]

1. c4 Nf6 2. g3 e6 3. Nf3 d5 4. b3 c5 5. Bb2 Nc6 6. Bg2 d4 7. e3 e5 8. exd4 exd4 9. 0-0 Be7 10. Na3 0-0 11. d3 Bf5 12. Re1 Nd7 13. Nc2 Bf6 14. b4 Rc8 15. b5 Nce5 16. Nxe5 Nxe5 17. Rxe5 Bxe5 18. Bxb7 Rb8 19. Bg2 Bc8 20. Qh5 Bd6 21. Ne1 Re8 22. Nf3 g6 23. Qh6 Bf8 24. Qd2 Bb7 25. Bc1 Qe7 26. Qd1 g5 27. Bxg5 Bxf3 28. Bxe7 Bxd1 29. Bxf8 Re1+ 0-1

[Event "Frankfurt-chA"]
[Site "Frankfurt"]
[Date "2015.06.15"]
[Round "7"]
[White "Minor, Samuel"]
[Black "Reschke, Stefan"]
[Result "0-1"]
[WhiteElo "2131"]
[BlackElo "2259"]
[PlyCount "87"]
[EventDate "2015.04.27"]
[EventType "swiss"]
[EventRounds "7"]
[EventCountry "GER"]
[SourceTitle "EXT 2016"]
[Source "ChessBase"]
[SourceDate "2015.10.08"]
[SourceVersion "1"]
[SourceVersionDate "2015.10.08"]
[SourceQuality "1"]

1. e4 g6 2. d4 c6 3. Nc3 d5 4. h3 dxe4 5. Nxe4 Bg7 6. Nf3 Nf6 7. Nxf6+ exf6 8. Bf4 0-0 9. Qd2 Re8+ 10. Be2 Na6 11. 0-0 Nc7 12. Rfe1 Bf5 13. Bd3 Rxe1+ 14. Rxe1 Bxd3 15. Bxc7 Qxc7 16. Qxd3 Qd6 17. Qe2 Bf8 18. c3 Qd5 19. c4 Qa5 20. b3 Rd8 21. Rd1 Kg7 22. Rd3 Qa3 23. d5 Qd6 24. Ne1 c5 25. Re3 Qd7 26. Nf3 Bd6 27. Nd2 b6 28. Nf3 a6 29. a4 Rb8 30. Qd3 b5 31. axb5 axb5 32. cxb5 Rxb5 33. g3 Rb4 34. Kg2 Qb7 35. Qd1 Qa8 36. Rd3 Qa6 37. Qc2 h5 38. Nd2 h4 39. g4 Qc8 40. Nc4 Qd7 41. Qc3 Bf4 42. Kf3 g5 43. Kg2 Rb8 44. Nd2 0-1

[Event "Frankfurt-chA"]
[Site "Frankfurt"]
[Date "2015.05.18"]
[Round "4"]
[White "Schwenkreis, Thomas"]
[Black "Reschke, Stefan"]
[Result "1-0"]
[WhiteElo "2031"]
[BlackElo "2259"]
[PlyCount "131"]
[EventDate "2015.04.27"]
[EventType "swiss"]
[EventRounds "7"]
[EventCountry "GER"]
[SourceTitle "EXT 2016"]
[Source "ChessBase"]
[SourceDate "2015.10.08"]
[SourceVersion "1"]
[SourceVersionDate "2015.10.08"]
[SourceQuality "1"]

1. e4 c5 2. Nf3 Nc6 3. d4 cxd4 4. Nxd4 g6 5. c4 Bg7 6. Nc2 d6 7. Be2 Be6 8. 0-0 Rc8 9. Ne3 Nf6 10. Nc3 0-0 11. Rb1 Nd7 12. f4 Nc5 13. f5 Bd7 14. Ned5 e6 15. f6 Bh8 16. b4 exd5 17. bxc5 Bxf6 18. Rxf6 Qxf6 19. Nxd5 Qd4+ 20. Be3 Qxd1+ 21. Bxd1 Be6 22. cxd6 b6 23. Ba4 Bxd5 24. cxd5 Ne5 25. Bf4 f6 26. Bxe5 fxe5 27. Bd7 Rcd8 28. Be6+ Kg7 29. d7 Rf6 30. Rc1 Rff8 31. Rc7 Kf6 32. Rxa7 Ke7 33. Rc7 Ra8 34. Rc8 Rd8 35. Bh3 b5 36. a3 Ra6 37. Kf2 Rxd7 38. Bxd7 Kxd7 39. Rc3 Ra4 40. Kf3 b4 41. axb4 Rxb4 42. Ra3 Rb7 43. h4 h5 44. Ke3 Rb2 45. g3 Rb1 46. Ra7+ Kd8 47. Rg7 Rb3+ 48. Kf2 Rb2+ 49. Ke1 Rb4 50. Rxg6 Rxe4+ 51. Kf2 Rd4 52. Rg5 Rxd5 53. Rxh5 Ke7 54. Rf5 Ke6 55. Rf8 Rc5 56. h5 e4 57. g4 Rc3 58. h6 Rh3 59. g5 e3+ 60. Ke2 Ke7 61. Rf3 Rh5 62. Rg3 Kf7 63. g6+ Kg8 64. h7+ Kg7 65. Kxe3 Rh4 66. Rg1 1-0

[Event "Staufer op-A 27th"]
[Site "Schwaebisch Gmuend"]
[Date "2015.01.02"]
[Round "2"]
[White "Reschke, Stefan"]
[Black "Braun, Joachim"]
[Result "0-1"]
[WhiteElo "2367"]
[BlackElo "2128"]
[PlyCount "54"]
[EventDate "2015.01.02"]
[EventType "swiss"]
[EventRounds "9"]
[EventCountry "GER"]
[SourceTitle "CBM 164 Extra"]
[Source "ChessBase"]
[SourceDate "2015.03.02"]
[SourceVersion "1"]
[SourceVersionDate "2015.03.02"]
[SourceQuality "1"]

1. Nf3 d5 2. b3 Nf6 3. Bb2 e6 4. c4 Be7 5. g3 b6 6. Bg2 Bb7 7. 0-0 0-0 8. e3 Nbd7 9. Nc3 c5 10. Qe2 Rc8 11. Rac1 Qc7 12. cxd5 Nxd5 13. Nxd5 Bxd5 14. e4 Bc6 15. d4 Bf6 16. Ba3 Qb7 17. dxc5 bxc5 18. Rfe1 Bb5 19. Qe3 Qa6 20. Bxc5 Nxc5 21. Rxc5 Rxc5 22. Qxc5 Rc8 23. Qe3 Qxa2 24. e5 Bd8 25. Bf1 Bb6 26. Nd4 Bxf1 27. Kxf1 Qb2 0-1

[Event "Oberliga Ost-B 1415"]
[Site "Germany"]
[Date "2014.12.07"]
[Round "5.4"]
[White "Reschke, Stefan"]
[Black "Hartung, Thomas"]
[Result "0-1"]
[WhiteElo "2367"]
[BlackElo "2108"]
[PlyCount "68"]
[EventDate "2014.09.21"]
[EventType "team-tourn"]
[EventRounds "11"]
[EventCountry "GER"]
[SourceTitle "EXT 2016"]
[Source "ChessBase"]
[SourceDate "2015.10.08"]
[SourceVersion "1"]
[SourceVersionDate "2015.10.08"]
[SourceQuality "1"]
[WhiteTeam "Oberursel"]
[BlackTeam "Merseburg"]
[WhiteTeamCountry "GER"]
[BlackTeamCountry "GER"]

1. Nf3 d5 2. b3 c5 3. e3 Nc6 4. Bb5 Qc7 5. c4 dxc4 6. bxc4 e5 7. Nc3 Nf6 8. Nd5 Qd6 9. Bxc6+ bxc6 10. Qa4 Nd7 11. Nc3 Qg6 12. g3 Be7 13. e4 0-0 14. d3 f5 15. Nd2 f4 16. Qd1 Nf6 17. Qe2 Nh5 18. Nf1 Bg4 19. f3 Bxf3 20. Qxf3 fxg3 21. Qg2 Rf2 22. Qg1 Rxf1+ 23. Kxf1 Rf8+ 24. Ke1 g2 25. Be3 Bh4+ 26. Kd2 gxh1Q 27. Qxh1 Bf2 28. Nd1 Bxe3+ 29. Nxe3 Rf2+ 30. Kc3 Qd6 31. Nc2 Nf4 32. Rd1 Qd8 33. Qe1 Rxh2 34. Qg1 Ne2+ 0-1

[Event "Oberliga Ost-B 1415"]
[Site "Germany"]
[Date "2014.10.19"]
[Round "3.3"]
[White "Duncker, Joachim"]
[Black "Reschke, Stefan"]
[Result "1/2-1/2"]
[WhiteElo "2251"]
[BlackElo "2367"]
[PlyCount "38"]
[EventDate "2014.09.21"]
[EventType "team-tourn"]
[EventRounds "11"]
[EventCountry "GER"]
[SourceTitle "EXT 2016"]
[Source "ChessBase"]
[SourceDate "2015.10.08"]
[SourceVersion "1"]
[SourceVersionDate "2015.10.08"]
[SourceQuality "1"]
[WhiteTeam "Marburg"]
[BlackTeam "Oberursel"]
[WhiteTeamCountry "GER"]
[BlackTeamCountry "GER"]

1. e4 g6 2. d4 c6 3. Nc3 d5 4. e5 Bg7 5. Nf3 f6 6. Be2 Nh6 7. Bf4 Nf7 8. exf6 exf6 9. Qd2 0-0 10. 0-0 Bg4 11. Ne1 Bxe2 12. Nxe2 Re8 13. Nd3 Nd7 14. Rae1 Qb6 15. c3 Re7 16. Ng3 Rae8 17. Rxe7 Rxe7 18. Re1 Qd8 19. Rxe7 Qxe7 1/2-1/2

[Event "Staufer op 25th"]
[Site "Schwaebisch Gmuend"]
[Date "2013.01.06"]
[Round "9"]
[White "Brem, Stephan"]
[Black "Reschke, Stefan"]
[Result "0-1"]
[WhiteElo "2095"]
[BlackElo "2365"]
[PlyCount "66"]
[EventDate "2013.01.02"]
[EventType "swiss"]
[EventRounds "9"]
[EventCountry "GER"]
[SourceTitle "CBM 152 Extra"]
[Source "ChessBase"]
[SourceDate "2013.02.25"]
[SourceVersion "1"]
[SourceVersionDate "2013.02.25"]
[SourceQuality "1"]

1. b3 c5 2. Bb2 Nf6 3. f4 d6 4. Nf3 e6 5. d3 d5 6. e3 Nc6 7. Qe2 Bd6 8. g3 Qc7 9. e4 dxe4 10. dxe4 e5 11. f5 Nd4 12. Nxd4 exd4 13. Nd2 0-0 14. 0-0-0 Re8 15. g4 Bf4 16. Bg2 Bd7 17. Kb1 Bc6 18. Rhf1 Bxd2 19. Rxd2 Bxe4 20. Qd1 Bxg2 21. Rxg2 Nd5 22. Re2 Ne3 23. Qe1 Qd7 24. Rf3 Nxg4 25. c3 d3 26. Rxe8+ Rxe8 27. Qd2 Ne5 28. Rf4 f6 29. c4 Nc6 30. Rf2 Ne7 31. Rf3 Rd8 32. Bxf6 gxf6 33. Qh6 d2 0-1

[Event "Frankfurt-chA"]
[Site "Frankfurt"]
[Date "2012.05.08"]
[Round "2"]
[White "Reschke, Stefan"]
[Black "Tierling, Detlef"]
[Result "1-0"]
[WhiteElo "2329"]
[BlackElo "1942"]
[PlyCount "53"]
[EventDate "2012.04.30"]
[EventType "swiss"]
[EventRounds "7"]
[EventCountry "GER"]
[SourceTitle "EXT 2013"]
[Source "ChessBase"]
[SourceDate "2012.11.22"]
[SourceVersion "1"]
[SourceVersionDate "2012.11.22"]
[SourceQuality "1"]

1. Nf3 Nf6 2. g3 d5 3. Bg2 g6 4. b3 Bg7 5. Bb2 0-0 6. c4 c6 7. Na3 Bg4 8. Nc2 Bxf3 9. Bxf3 e6 10. 0-0 Nbd7 11. Ne3 a5 12. Qc2 Re8 13. Bc3 Rb8 14. a4 b6 15. Qb2 Nc5 16. Rac1 e5 17. cxd5 Nxd5 18. Bxd5 cxd5 19. Bxa5 Nxa4 20. bxa4 bxa5 21. Qa2 d4 22. Nd5 Qd6 23. e4 h5 24. Rc7 Qe6 25. Rfc1 h4 26. R1c6 Qg4 27. Nf6+ 1-0

[Event "Frankfurt-chA"]
[Site "Frankfurt"]
[Date "2012.04.30"]
[Round "1"]
[White "Neumann, Manfred"]
[Black "Reschke, Stefan"]
[Result "0-1"]
[WhiteElo "1798"]
[BlackElo "2329"]
[PlyCount "44"]
[EventDate "2012.04.30"]
[EventType "swiss"]
[EventRounds "7"]
[EventCountry "GER"]
[SourceTitle "EXT 2013"]
[Source "ChessBase"]
[SourceDate "2012.11.22"]
[SourceVersion "1"]
[SourceVersionDate "2012.11.22"]
[SourceQuality "1"]

1. d4 Nf6 2. c4 g6 3. Nc3 Bg7 4. e4 d6 5. Nf3 0-0 6. Be2 e5 7. 0-0 Nbd7 8. Be3 Re8 9. d5 Nh5 10. g3 Bf8 11. Qd2 Ng7 12. Bg5 Be7 13. Rac1 a5 14. Kg2 f5 15. exf5 gxf5 16. Bxe7 Qxe7 17. Qg5 e4 18. Qh6 exf3+ 19. Bxf3 Qf7 20. Rfe1 Ne5 21. Be2 Bd7 22. f4 Ng6 0-1

[Event "Oberliga Ost-B 1112"]
[Site "Germany"]
[Date "2012.04.14"]
[Round "10.1"]
[White "Reschke, Stefan"]
[Black "Kottwitz, Daniel"]
[Result "1/2-1/2"]
[WhiteElo "2369"]
[BlackElo "2062"]
[PlyCount "148"]
[EventDate "2011.10.02"]
[EventType "team-tourn"]
[EventRounds "11"]
[EventCountry "GER"]
[SourceTitle "EXT 2013"]
[Source "ChessBase"]
[SourceDate "2012.11.22"]
[SourceVersion "1"]
[SourceVersionDate "2012.11.22"]
[SourceQuality "1"]
[WhiteTeam "Offenbach"]
[BlackTeam "Elstertal"]
[WhiteTeamCountry "GER"]
[BlackTeamCountry "GER"]

1. g3 Nf6 2. Nf3 e6 3. c4 d5 4. Bg2 Be7 5. 0-0 0-0 6. b3 b6 7. Bb2 Bb7 8. e3 c5 9. Nc3 dxc4 10. bxc4 Nc6 11. Qe2 Qc7 12. Rfd1 Rac8 13. Ne1 Rfd8 14. f4 Nb4 15. d3 Bxg2 16. Qxg2 Rd7 17. Rd2 Qb7 18. Qxb7 Rxb7 19. Kf2 Rd7 20. Ke2 Rcd8 21. Rad1 Bf8 22. Nf3 Nc6 23. h3 h5 24. Ba1 Bd6 25. Nb5 Bb8 26. e4 a6 27. Na3 Ne8 28. e5 f6 29. exf6 gxf6 30. Nc2 Rg7 31. Kf2 Rgd7 32. Ne3 Kf7 33. f5 Nb4 34. fxe6+ Kxe6 35. d4 Nd6 36. a3 Ne4+ 37. Ke1 Nxd2 38. Rxd2 Bxg3+ 39. Ke2 Nc6 40. d5+ Kf7 41. dxc6 Rxd2+ 42. Nxd2 Rc8 43. Ne4 Bb8 44. Nxf6 Rxc6 45. Ned5 Re6+ 46. Kf3 Re1 47. Bc3 Rh1 48. Nxh5 Rxh3+ 49. Kg4 Rd3 50. Nhf4 Bxf4 51. Kxf4 b5 52. Ke5 bxc4 53. Kd6 Ke8 54. Kxc5 Kd8 55. Ba5+ Kc8 56. Nb6+ Kb7 57. Nxc4 Rd1 58. Bd2 Ra1 59. Be3 Ra2 60. Na5+ Kc7 61. Bf4+ Kc8 62. Kb4 Rb2+ 63. Kc4 Rc2+ 64. Kd3 Ra2 65. Bd6 Kd7 66. Bb4 Rh2 67. Bc5 Rh4 68. Bd4 Rh3+ 69. Be3 Rh4 70. Nb3 Kc6 71. Nd2 Kb5 72. Nb1 Ka4 73. Kc2 Rh2+ 74. Bd2 Rh3 1/2-1/2

[Event "Oberliga Ost-B 1112"]
[Site "Germany"]
[Date "2012.01.15"]
[Round "7.2"]
[White "Reschke, Stefan"]
[Black "Galdunts, Sergey"]
[Result "1/2-1/2"]
[WhiteElo "2369"]
[BlackElo "2462"]
[PlyCount "59"]
[EventDate "2011.10.02"]
[EventType "team-tourn"]
[EventRounds "11"]
[EventCountry "GER"]
[SourceTitle "EXT 2013"]
[Source "ChessBase"]
[SourceDate "2012.11.22"]
[SourceVersion "1"]
[SourceVersionDate "2012.11.22"]
[SourceQuality "1"]
[WhiteTeam "Offenbach"]
[BlackTeam "Moerlenbach"]
[WhiteTeamCountry "GER"]
[BlackTeamCountry "GER"]

1. Nf3 Nf6 2. c4 e6 3. g3 d5 4. b3 Be7 5. Bb2 0-0 6. Bg2 b6 7. 0-0 Bb7 8. e3 c5 9. Qe2 Nc6 10. Rd1 Qc7 11. Nc3 dxc4 12. bxc4 Rac8 13. Rab1 Rfd8 14. Ne1 Qd7 15. f4 Nb4 16. Bxb7 Qxb7 17. d3 Rd7 18. g4 Rcd8 19. g5 Ne8 20. a3 Nc6 21. Ne4 Nd6 22. Ng3 Bf8 23. Nf3 Nf5 24. Nxf5 exf5 25. h4 Re8 26. Qf2 Red8 27. Qe2 Re8 28. Qf2 Red8 29. Qe2 Re8 30. Qf2 1/2-1/2

[Event "Staufer op 24th"]
[Site "Schwaebisch Gmuend"]
[Date "2012.01.05"]
[Round "7"]
[White "Reschke, Stefan"]
[Black "Walter, Kevin"]
[Result "1-0"]
[WhiteElo "2361"]
[BlackElo "1820"]
[PlyCount "59"]
[EventDate "2012.01.02"]
[EventType "swiss"]
[EventRounds "9"]
[EventCountry "GER"]
[SourceTitle "CBM 146 Extra"]
[Source "ChessBase"]
[SourceDate "2012.02.29"]
[SourceVersion "1"]
[SourceVersionDate "2012.02.29"]
[SourceQuality "1"]

1. Nf3 Nf6 2. g3 g6 3. b3 Bg7 4. Bb2 0-0 5. Bg2 d5 6. c4 c6 7. Na3 Bg4 8. Nc2 Re8 9. cxd5 cxd5 10. Ne5 Nfd7 11. Nxg4 Bxb2 12. Bxd5 Nc5 13. Nce3 e6 14. Bg2 h5 15. b4 Bxa1 16. Qxa1 hxg4 17. bxc5 Nd7 18. Bxb7 Rb8 19. c6 Nc5 20. Nxg4 e5 21. f4 f6 22. fxe5 fxe5 23. 0-0 Rf8 24. Qxe5 Rxf1+ 25. Kxf1 Qf8+ 26. Kg2 Nxb7 27. Nf6+ Kf7 28. Nd7 Qe8 29. Qxe8+ Rxe8 30. cxb7 1-0

[Event "Staufer op 24th"]
[Site "Schwaebisch Gmuend"]
[Date "2012.01.04"]
[Round "5"]
[White "Reschke, Stefan"]
[Black "Kahrovic, Mersid"]
[Result "1-0"]
[WhiteElo "2361"]
[BlackElo "2271"]
[PlyCount "87"]
[EventDate "2012.01.02"]
[EventType "swiss"]
[EventRounds "9"]
[EventCountry "GER"]
[SourceTitle "CBM 146 Extra"]
[Source "ChessBase"]
[SourceDate "2012.02.29"]
[SourceVersion "1"]
[SourceVersionDate "2012.02.29"]
[SourceQuality "1"]

1. Nf3 Nf6 2. b3 g6 3. Bb2 Bg7 4. g3 d6 5. d4 0-0 6. Bg2 Nbd7 7. 0-0 c6 8. c4 Rb8 9. Nfd2 c5 10. dxc5 Nxc5 11. b4 Ne6 12. Nb3 b6 13. N1d2 Qc7 14. Rc1 Bb7 15. e4 Qd7 16. Qc2 h5 17. e5 dxe5 18. Bxe5 Bxg2 19. Kxg2 Qb7+ 20. Nf3 Ng5 21. Qe2 Rbc8 22. h4 Ne6 23. Nbd4 Nxd4 24. Bxd4 e5 25. Bxe5 Rfe8 26. Qb2 Re6 27. Rfe1 Rce8 28. Bxf6 Bxf6 29. Rxe6 Rxe6 30. Qb3 Be7 31. a3 Bxh4 32. gxh4 Qe4 33. Re1 Qg4+ 34. Kh2 Qf4+ 35. Kh1 Rf6 36. Re8+ Kg7 37. Re3 Kh6 38. Qc3 Qf5 39. Kg2 Kg7 40. Qd4 a5 41. c5 axb4 42. axb4 bxc5 43. bxc5 Qc8 44. Ng5 1-0

[Event "Staufer op 24th"]
[Site "Schwaebisch Gmuend"]
[Date "2012.01.02"]
[Round "2"]
[White "Reschke, Stefan"]
[Black "Liebhart, Marcel"]
[Result "1/2-1/2"]
[WhiteElo "2361"]
[BlackElo "2058"]
[PlyCount "77"]
[EventDate "2012.01.02"]
[EventType "swiss"]
[EventRounds "9"]
[EventCountry "GER"]
[SourceTitle "CBM 146 Extra"]
[Source "ChessBase"]
[SourceDate "2012.02.29"]
[SourceVersion "1"]
[SourceVersionDate "2012.02.29"]
[SourceQuality "1"]

1. Nf3 Nf6 2. g3 c5 3. Bg2 e6 4. c4 Qc7 5. Nc3 a6 6. 0-0 Be7 7. b3 d6 8. e3 Nbd7 9. Bb2 Rb8 10. Qe2 0-0 11. d4 Re8 12. Rfd1 Qa5 13. dxc5 Nxc5 14. Nd4 e5 15. Nc2 Qc7 16. h3 Bf5 17. e4 Bd7 18. Ne3 Qc8 19. Kh2 Bf8 20. Rac1 Re6 21. h4 Re8 22. f3 Nh5 23. Qd2 Re6 24. Ne2 Qd8 25. Nf5 Rg6 26. Bh3 Rf6 27. b4 Ne6 28. c5 Ba4 29. cxd6 Bxd1 30. Rxd1 g6 31. Bxe5 gxf5 32. Bxf6 Qxf6 33. exf5 Neg7 34. d7 Rd8 35. g4 Qxh4 36. gxh5 Qf2+ 37. Bg2 Qh4+ 38. Bh3 Qf2+ 39. Bg2 1/2-1/2

[Event "Oberliga Ost-B 1112"]
[Site "Germany"]
[Date "2011.11.20"]
[Round "4.2"]
[White "Koch, Markus"]
[Black "Reschke, Stefan"]
[Result "0-1"]
[WhiteElo "2135"]
[BlackElo "2369"]
[PlyCount "92"]
[EventDate "2011.10.02"]
[EventType "team-tourn"]
[EventRounds "11"]
[EventCountry "GER"]
[SourceTitle "EXT 2013"]
[Source "ChessBase"]
[SourceDate "2012.11.22"]
[SourceVersion "1"]
[SourceVersionDate "2012.11.22"]
[SourceQuality "1"]
[WhiteTeam "Frankfurt BvK"]
[BlackTeam "Offenbach"]
[WhiteTeamCountry "GER"]
[BlackTeamCountry "GER"]

1. d4 Nf6 2. c4 g6 3. Nc3 Bg7 4. e4 d6 5. f4 0-0 6. Nf3 c5 7. d5 e6 8. Be2 exd5 9. cxd5 Bg4 10. 0-0 Nbd7 11. h3 Bxf3 12. Bxf3 Ne8 13. g4 Nc7 14. Kg2 Rb8 15. g5 b5 16. h4 b4 17. Ne2 Nb5 18. h5 c4 19. Rb1 Re8 20. hxg6 fxg6 21. Qc2 c3 22. bxc3 Nxc3 23. Nxc3 bxc3 24. Ba3 Rxb1 25. Rxb1 Nb6 26. Bg4 Nc4 27. Bc1 Qc7 28. Be6+ Kf8 29. Kf3 Rb8 30. Rb3 Rb6 31. Kg3 Qc5 32. Qh2 Qd4 33. Qxh7 Qg1+ 34. Kf3 Ne5+ 35. fxe5 Qf1+ 36. Kg4 Qg2+ 37. Kh4 Qh1+ 38. Bh3 Qxe4+ 39. Kg3 Bxe5+ 40. Kf2 Qc2+ 41. Kf3 Qd1+ 42. Ke4 Qxc1 43. Rxb6 Qc2+ 44. Kf3 Qd3+ 45. Kg2 Qg3+ 46. Kf1 Qf3+ 0-1

[Event "Karl Mala Memorial op 14th"]
[Site "Frankfurt"]
[Date "2011.07.10"]
[Round "6"]
[White "Reschke, Stefan"]
[Black "Carow, Johannes"]
[Result "1/2-1/2"]
[WhiteElo "2369"]
[BlackElo "2171"]
[PlyCount "88"]
[EventDate "2011.07.07"]
[EventType "swiss"]
[EventRounds "7"]
[EventCountry "GER"]
[SourceTitle "EXT 2012"]
[Source "ChessBase"]
[SourceDate "2011.11.24"]
[SourceVersion "1"]
[SourceVersionDate "2011.11.24"]
[SourceQuality "1"]

1. c4 c5 2. g3 g6 3. Bg2 Bg7 4. Nc3 Nc6 5. a3 d6 6. Rb1 e6 7. b4 Nge7 8. Nf3 b6 9. 0-0 Bb7 10. e3 Qd7 11. d4 cxd4 12. exd4 Nf5 13. Ne2 0-0 14. Bf4 Ncxd4 15. Nfxd4 Bxg2 16. Kxg2 Nxd4 17. Nxd4 e5 18. Nb5 exf4 19. Qxd6 Qb7+ 20. Qd5 Qxd5+ 21. cxd5 a6 22. Nc7 Ra7 23. d6 Be5 24. Nd5 Bxd6 25. Rfd1 Kg7 26. Nxb6 Bc7 27. Nd5 fxg3 28. hxg3 Bb8 29. Rbc1 Rd8 30. Nb6 Rxd1 31. Rxd1 a5 32. Nd7 axb4 33. Nxb8 bxa3 34. Nc6 Ra4 35. Ne5 a2 36. Ra1 h5 37. Nd3 g5 38. Nc1 Rc4 39. Kf3 Kf6 40. Ke3 h4 41. Kf3 g4+ 42. Kg2 hxg3 43. Kxg3 Kg5 44. Kg2 f5 1/2-1/2

[Event "Karl Mala Memorial op 14th"]
[Site "Frankfurt"]
[Date "2011.07.09"]
[Round "4"]
[White "Reschke, Stefan"]
[Black "Hahn, Markus"]
[Result "1/2-1/2"]
[WhiteElo "2369"]
[BlackElo "2108"]
[PlyCount "51"]
[EventDate "2011.07.07"]
[EventType "swiss"]
[EventRounds "7"]
[EventCountry "GER"]
[SourceTitle "EXT 2012"]
[Source "ChessBase"]
[SourceDate "2011.11.24"]
[SourceVersion "1"]
[SourceVersionDate "2011.11.24"]
[SourceQuality "1"]

1. c4 b6 2. d4 Nf6 3. Nc3 e6 4. a3 Bb7 5. d5 g6 6. e4 exd5 7. cxd5 Bg7 8. Be3 Qe7 9. f3 0-0 10. Qd2 c5 11. Nh3 d6 12. Be2 Na6 13. 0-0 Nc7 14. Bg5 Bc8 15. Nf2 a6 16. Rfe1 Qe8 17. Qf4 Qd8 18. Qh4 Nce8 19. e5 dxe5 20. Nfe4 Bf5 21. Rad1 Bxe4 22. Nxe4 h6 23. Nxf6+ Bxf6 24. Bxf6 Qxf6 25. Qxh6 Nd6 26. Bd3 1/2-1/2

[Event "Karl Mala Memorial op 14th"]
[Site "Frankfurt"]
[Date "2011.07.09"]
[Round "5"]
[White "Weil, Michael"]
[Black "Reschke, Stefan"]
[Result "0-1"]
[WhiteElo "2097"]
[BlackElo "2369"]
[PlyCount "100"]
[EventDate "2011.07.07"]
[EventType "swiss"]
[EventRounds "7"]
[EventCountry "GER"]
[SourceTitle "EXT 2012"]
[Source "ChessBase"]
[SourceDate "2011.11.24"]
[SourceVersion "1"]
[SourceVersionDate "2011.11.24"]
[SourceQuality "1"]

1. d4 Nf6 2. Nf3 d6 3. c3 Nbd7 4. Bg5 h6 5. Bxf6 exf6 6. e3 f5 7. Bd3 Nf6 8. Qc2 g6 9. 0-0 Bg7 10. Nbd2 0-0 11. c4 c5 12. Rab1 a5 13. a4 Re8 14. Rbd1 Qe7 15. Nb1 Bd7 16. Nc3 Bc6 17. Be2 Rad8 18. dxc5 dxc5 19. Rxd8 Rxd8 20. Rd1 Ne4 21. Rxd8+ Qxd8 22. Nxe4 Bxe4 23. Qc1 Qb6 24. Nd2 Bxb2 25. Qd1 Bc6 26. Qc2 Qb4 27. Bd1 Bc3 28. Nf3 Be4 29. Qb3 Qxb3 30. Bxb3 Bd3 31. h3 Kg7 32. Nh2 Kf6 33. f3 Be1 34. f4 Ke6 35. Nf3 Bg3 36. Ne5 Be2 37. Nf3 f6 38. Nh2 g5 39. fxg5 fxg5 40. Nf3 g4 41. hxg4 fxg4 42. Nd2 Bd3 43. Nf1 Be1 44. Nh2 h5 45. Nf1 Ke5 46. Nh2 Ke4 47. Nf1 g3 48. Bd1 Bf2+ 49. Kh1 Bxf1 50. Bf3+ Ke5 0-1